000 00480aam a2200181 4500
005 20170215130144.0
008 150727b xxu||||| |||| 00| 0 spa d
041 _aInglés
082 _a428 C392t
100 _aCelce-Murcia, Marianne
_936050
100 _aHilles, Sharon
_936051
245 _aTechniques and resources in teachi gramar
260 _aInglaterra
_bOxford
_c1998
300 _a188 páginas
650 _aINGLÉS
_92062
650 _a ENSEÑANZA
_9236
942 _cBK
999 _c8690
_d8690